000 00611nam a2200193Ii 4500
003 JO-AjNU
008 230605s9999||||xx |||||||||||||| ||und||
040 _aJO-AjNU
_bara
_erda
_cJO-AjNU
041 _aara
050 1 4 _aBP65.A2222 1900
100 3 _aمحمود، عبد الحليم,
_eauthor
_939271
245 0 0 _aاوروبا والإسلام
264 3 1 _aبيروت:منشورات المكتبة العصرية ،1900
300 _a143ص
336 _atext
_btxt
_2rdacontent
337 _aunmediated
_bn
_2rdamedia
338 _avolume
_bnc
_2rdacarrier
650 4 _aالاسلام-اوروبا
_939272
999 _aA16572
_c20140
_d20140